Datum a čas kvízu
17.5
Celkem bodů
Celkový počet nahraných bodů na tomto kvízu bez doplňovacích otázek.
8.
Pořadí na kvízu
Konečné umístění týmu na tomto kvízu.
Zaznamenané odpovědi
| # | Otázka | Odpověď | Body | Výsledky |
|---|---|---|---|---|
| 1. | Jedna státní instituce prostře... | Státní ústav pro kontrolu léčiv | 1 | |
| 2. | Na letišti v Helsinkách začali... | psi | 1 | |
| 3. | Ačkoli je tento formát celosvě... | Polda | 0 | |
| 4. | Známý pražský restaurační pivo... | Začal čepovat světlé pivo. | 0 | |
| 5. | Jak se jmenuje dánský fotbalov... | FC Midtjylland (čteme mitjulend) | 1 | |
| 6. | Podle zdroje vody se rybníky d... | říční rybník | 0 | |
| 7. | Na obrázku vidíme u nás velmi... | okoun | 1 | |
| 8. | Jak se jmenuje červeně vyznače... | Svět | 1 | |
| 9. | Většina rybníků disponuje jist... | česle / česlice | 0 | |
| 10. | Největším českým rybníkem je s... | Lužnice | 0 |